Online Catalogue and eLibrary

Village folk-tales of Ceylon (Record no. 2976)

MARC details
000 -LEADER
fixed length control field 00355nam a2200145Ia 4500
005 - DATE AND TIME OF LATEST TRANSACTION
control field 20241118022901.0
008 - FIXED-LENGTH DATA ELEMENTS--GENERAL INFORMATION
fixed length control field 240331s9999 xx 000 0 und d
082 ## - DDC Classification
Item Number - Author Mark PAR
Class No. 823
100 ## - MAIN ENTRY--PERSONAL NAME
Personal name Parker, H,
245 #0 - TITLE STATEMENT
Title Village folk-tales of Ceylon
260 ## - PUBLICATION, DISTRIBUTION, ETC.
Place of publication, distribution, etc. Dehiwala
Name of publisher, distributor, etc. Tisara Press
Date of publication, distribution, etc. 1910
300 ## - PHYSICAL DESCRIPTION
Extent (e.g. Volumes, Pages etc.) vii, 383 p .,
650 ## - SUBJECT ADDED ENTRY--TOPICAL TERM
Topical term or geographic name entry element Short Stories
942 ## - Koha item type (Biblio)
Koha item type Books in Stacks (Lending)
Holdings
Lost status Damaged status Collection code Home library Current library Shelving location Date acquired Full call number Accession Number Item type
    Lending WERC Library WERC Library Social Science Cupboard 03/31/2024 823 PAR 22 Books in Stacks (Lending)

© WERC Library